Grapes of wrath and other writings 1936-1941 (Record no. 216065)

MARC details
000 -LEADER
fixed length control field 00610nam a2200169Ia 4500
008 - FIXED-LENGTH DATA ELEMENTS--GENERAL INFORMATION
fixed length control field 210719s1969 xx 000 0 und d
020 ## - INTERNATIONAL STANDARD BOOK NUMBER
International Standard Book Number 1-883011-15-9
041 ## - LANGUAGE CODE
Language code of text/sound track or separate title eng
082 ## - DEWEY DECIMAL CLASSIFICATION NUMBER
Classification number 813.54 STEG
100 ## - MAIN ENTRY--PERSONAL NAME
Personal name STEINBECK (John)
245 ## - TITLE STATEMENT
Title Grapes of wrath and other writings 1936-1941
Remainder of title The long valley, log from the sea of cortez, harvest gypsies
260 ## - PUBLICATION, DISTRIBUTION, ETC.
Place of publication, distribution, etc. New York
Date of publication, distribution, etc. 1969
300 ## - PHYSICAL DESCRIPTION
Extent 1067
Other physical details HB
650 ## - SUBJECT ADDED ENTRY--TOPICAL TERM
Topical term or geographic name entry element American English Fiction
650 ## - SUBJECT ADDED ENTRY--TOPICAL TERM
Topical term or geographic name entry element American English Fiction
906 ## - LOCAL DATA ELEMENT F, LDF (RLIN)
a 1936-1941 ; cortez, ; from ; Grapes ; gypsies ; harvest ; log ; long ; other ; sea ; valley, ; wrath ; writings
Holdings
Withdrawn status Lost status Damaged status Not for loan Collection code Home library Current library Date acquired Source of acquisition Total Checkouts Full call number Barcode Date last seen Price effective from Koha item type
          St Aloysius Library St Aloysius Library 11/26/2020 General Annual   813.54 STEG D04701 07/19/2021 07/19/2021 Donated Books